Responses for Show #7725 - Friday, March 23, 2018

Contestants

[<< previous game]

Daniel Ludlam, a student from Claremont, California

Tristan Mohabir, a nonprofit associate director from Washington, D.C.

Lynn Klyde-Allaman, a journalism professor from Lafayette, Colorado (whose 1-day cash winnings total $8,800)

[next game >>]

Jeopardy! Round responses

SAGE ADVICE
BY THE NUMBERS
DISNEYLAND: YESTERDAY & TODAY
"BELL", "BOOK" & NO CANDLE
WHERE'D THAT HAPPEN?
NOVELS WITH CONFLICT
(Alex: You have to identify the conflict, the war.)
    $200 16
cheese

Tristan
    $200 6
three

Daniel
    $200 21
Finding Nemo

Lynn
    $200 26
overbooking

Daniel
    $200 1
the Taj Mahal

Lynn
    $200 11
(Daniel: What is the Vietnam War?

the Korean War

LynnDaniel
    $400 17
sausage

Tristan
    $400 7
20

Lynn
    $400 22
New Orleans Square

Daniel
    $400 27
(Tristan: What is a bell cow?)

a bellwether

TristanDaniel
    $400 2
(Tristan: What is Alabama?)

Mississippi

LynnTristan
    $400 12
the Civil War

Tristan
    $600 18
dressing

Triple Stumper
    $600 8
(Lynn: What is 405?)

409

Lynn
Triple Stumper
    $600 23
(Lynn: What is It's a Small World?)
[ERRATUM: The name of the land is Adventureland, not Adventure Land.]

the Jungle Cruise

Lynn
Triple Stumper
    $600 28
bellicose

Triple Stumper
    $600 3
the Leaning Tower of Pisa

Lynn
    $600 15
the Vietnam War

Tristan
    $800 19
a sachet

Lynn
    $800 9
23

Lynn
    $800 24
hyper

Triple Stumper
    $800 29
a potbelly stove

Triple Stumper
    $800 4
Port-au-Prince

Daniel
    $800 13
World War II

Lynn
    $1000 20
smudging

Triple Stumper
    $1000 10
95

Tristan
    $1000 25
GE (General Electric)

Triple Stumper
    $1000 30
a bookkeeper

Lynn
    $1,000 5
Sarajevo

Daniel
    $1000 14
the American Revolution

Daniel

Scores at the first commercial break (after clue 15):

Lynn Tristan Daniel
$2,800 $1,600 $2,800

Scores at the end of the Jeopardy! Round:

Lynn Tristan Daniel
$4,200 $1,800 $3,800

Double Jeopardy! Round responses

A SAGE'S ADVICE
DESERT WILDLIFE
CHARACTERS WHO DON'T TALK MUCH
IT LASTS A WHILE
TIME MAGAZINE'S PERSON OF THE YEAR
MEXICAN STATES
    $400 16
vice

Daniel
    $400 9
(Tristan: What is a spider?)
(Daniel: What's a tarantula?)

scorpion

TristanDaniel
Triple Stumper
    $400 11
Roadrunner

Lynn
    $400 26
an eon

Tristan
    $400 10
Bill and Melinda Gates

Tristan
    $400 21
Chihuahua

Tristan
    $800 17
a (spider) web

Tristan
    $800 8
a sidewinder

Daniel
    $800 12
Chewbacca

Daniel
    $800 27
a blue moon

Daniel
    $800 3
a whistleblower

Tristan
    $800 22
cross

Daniel
    $1200 18
the golden rule

Lynn
    $1200 1
Bactrian

Tristan
    $1200 13
Woodstock

Lynn
    $1200 28
eternal

Lynn
    $1200 4
Ashley Judd

Triple Stumper
    $1200 23
Tabasco

Daniel
    $1600 19
karma

Tristan
    $3,000 2
Lyme disease

Tristan
    $1600 14
Sean Penn

Lynn
    $1600 29
immortal

Lynn
    $1600 5
Ebola

Tristan
    $1600 24
hot waters

Daniel
    $2000 20
revenge

Lynn
    $2000 7
mastiff

Triple Stumper
    $2000 15
Silent Bob

Lynn
    $2000 30
immemorial

Lynn
    $4,000 6
(Tristan: Who is George W. Bush?)

Rudy Giuliani

Tristan
    $2000 25
Benito Juarez

Triple Stumper

Scores at the end of the Double Jeopardy! Round:

Lynn Tristan Daniel
$17,400 $7,600 $9,800

[wagering suggestions for these scores]

Final Jeopardy! Round responses

UNREAL ESTATE
TristanWhat is Treasure Island?
$7,600
DanielWhat is Neverland?
$7,605
LynnWhat is Robinson Crusoe?
$2,201
Treasure Island

Final scores:

Lynn Tristan Daniel
$15,199 $15,200 $2,195
2nd place: $2,000 New champion: $15,200 3rd place: $1,000

Game dynamics:

Coryat scores:

Lynn Tristan Daniel
$17,400 $10,200 $9,800
19 R,
2 W
14 R
(including 1 DD),
4 W
(including 1 DD)
14 R
(including 1 DD),
2 W

Combined Coryat: $37,400

[game clues] [game scores] [suggest correction]

Game tape date: 2017-12-13
The J! Archive is created by fans, for fans. Scraping, republication, monetization, and malicious use prohibited; this site may use cookies and collect identifying information. See terms. The Jeopardy! game show and all elements thereof, including but not limited to copyright and trademark thereto, are the property of Jeopardy Productions, Inc. and are protected under law. This website is not affiliated with, sponsored by, or operated by Jeopardy Productions, Inc. Join the discussion at JBoard.tv.